[Event "EWCCC Online Preliminary-C 2020"]
[Site "Online"]
[Date "2020.12.19"]
[Round "6.4"]
[White "Belenkaya, Dina"]
[Black "Houska, Jovanka"]
[Result "0-1"]
[WhiteElo "2293"]
[BlackElo "2381"]
[Annotator "TA"]
[PlyCount "84"]
[EventDate "2020.12.19"]
[EventType "team-tourn"]
[EventCountry "NET"]
[SourceTitle "playchess.com"]
[Source "ChessBase"]
[SourceQuality "1"]

{[%evp 25,84,19,21,0,0,0,0,0,0,0,0,0,0,0,0,5,34,-7,-18,-204,-197,-321,-316,-418,-402,-437,-397,-445,-401,-467,-479,-609,-608,-632,-627,-634,-637,-611,-616,-694,-679,-666,-609,-721,-717,-713,-603,-595,-587,-1550,-1550,-1187,-1170,-1162,-1155,-858,-289,-29974,-29974,-29972,-29968]} 1. e4 c6 2. d4 d5 3. Nc3 dxe4 4. Nxe4 Bf5 5. Ng3 Bg6 6. h4 h6 7. Nf3 Nd7 8. h5 Bh7 9. Bd3 Bxd3 10. Qxd3 e6 11. Bd2 Ngf6 12. O-O-O Bd6 13. Ne4 Bc7 14. g4 {[#] B19: Classical Caro-Kann: 4...Bf5 main line.} Nxe4 $146 ({Predecessor:} 14... Qe7 15. Nxf6+ Nxf6 16. Ne5 O-O-O 17. f4 Bxe5 18. fxe5 Nxg4 19. Qg3 Rxd4 20. Rh4 Rxd2 21. Rxd2 Nxe5 22. Qxg7 {½-½ (75) Bjerre,J (2436)-Harutjunyan,G (2428) Panevezys 2018}) 15. Qxe4 Nf6 {[%cal Bd7f6,Bf6e4,Be4f2][%mdl 32]} 16. Qe2 {The position is equal.} Qd5 17. c4 Qe4 18. Qxe4 Nxe4 19. Be3 f5 20. gxf5 exf5 21. Ne5 f4 {[%mdl 64] [#] Deflection} 22. Bxf4 $2 {This move loses the game for White.} (22. Rh4 $11 Bxe5 23. dxe5 fxe3 24. Rxe4) 22... Nxf2 $19 {[%mdl 64] Double Attack} 23. Rhg1 (23. Rhf1 $142 Nxd1 24. Ng6 Bxf4+ 25. Rxf4 Nxb2 26. Re4+ Kd7 27. Re7+ Kd6 28. c5+ Kd5 29. Nxh8 Nd3+ 30. Kd2 Kxd4 31. Rxb7) 23... Nxd1 24. Rxd1 O-O 25. Bd2 Rf5 26. Bc3 Rxh5 27. Nd7 b6 28. Rg1 {Threatens to win with Nf6+.} Rg5 29. Re1 Rd8 30. Ne5 Bxe5 31. dxe5 {[%mdl 4096] Endgame KRR-KRB} Kf7 32. Bb4 c5 33. Bd2 Rf5 34. e6+ Ke7 35. Bc3 Rd6 36. Bxg7 h5 37. Bh6 Rxe6 38. Be3 Rfe5 39. Kd2 h4 40. Bf2 Rxe1 $2 (40... h3 {( -> ...Rxe1)} 41. Bh4+ Kf7 42. Rf1+ Kg6) 41. Bxe1 $2 {[#]} (41. Bxh4+ $19 Kd6 42. Bxe1) 41... h3 42. Bg3 Kf6 {Weighted Error Value: White=0.52/Black=0.08} 0-1

[Event "EWCCC Online Preliminary-C 2020"]
[Site "Online"]
[Date "2020.12.19"]
[Round "6.4"]
[White "Toma, Katarzyna"]
[Black "Obolentseva, Alexandra"]
[Result "0-1"]
[WhiteElo "2289"]
[BlackElo "2305"]
[Annotator "TA"]
[PlyCount "92"]
[EventDate "2020.12.19"]
[EventType "team-tourn"]
[EventCountry "NET"]
[SourceTitle "playchess.com"]
[Source "ChessBase"]
[SourceQuality "1"]

{[%evp 11,92,13,24,21,17,21,17,21,24,23,27,26,24,26,41,35,38,25,20,33,38,44,41,27,43,50,72,27,132,128,120,67,150,135,154,129,155,37,39,49,51,29,79,0,0,0,0,0,-5,-13,0,0,0,0,0,0,175,0,167,0,0,-67,0,-287,-260,-509,213,-201,0,0,0,-89,-90,-87,-7,-13,0,-141,-139,-137,0,-574,-556]} 1. e4 c5 2. Nf3 d6 3. d4 cxd4 4. Qxd4 Nc6 5. Bb5 Bd7 6. Qd3 Nf6 {6...g6 might become the main line.} 7. c4 {B53: Sicilian: 2...d6: Lines with Qxd4.} g6 8. Nc3 Bg7 9. O-O {The position is equal.} O-O 10. h3 Rc8 11. Be3 a6 12. Bxc6 Bxc6 13. Nd4 Nd7 14. Rac1 Nc5 15. Qb1 Ne6 16. Nxe6 fxe6 17. b4 b5 18. c5 d5 {[#]} 19. Rfd1 $146 ({Predecessor:} 19. e5 Bxe5 20. Ne2 Bg7 21. f4 d4 22. Rfd1 Qd5 {0-1 (22) Khegay,D (2528)-Magalashvili,D (2456) chess.com INT 2020}) 19... Qd7 (19... d4 $11) 20. Qb3 $1 $16 {[%cal Re4d5]} Rcd8 21. Ne2 (21. Rd3 $16) 21... e5 (21... Qc8 $1 $14) 22. Nc3 {[%cal Re4d5]} e6 23. exd5 exd5 24. Ne4 (24. Bg5 $16 {Black must now prevent Nxd5!} Bf6 25. Bxf6 Rxf6 26. Nxd5 $1 {[%mdl 512]} Bxd5 27. Rxd5 $1 {[%mdl 512]} Qxd5 28. Rd1 Qxb3 29. Rxd8+ Kf7 30. axb3) 24... Kh8 {...d4 is the strong threat.} 25. Nd6 d4 26. Bg5 Rb8 27. f3 (27. Re1 $16) 27... h6 $11 28. Bh4 Bxf3 29. gxf3 {Hoping for Kg2.} Qxh3 {[%mdl 64] Double Attack} 30. Nf7+ Kh7 31. Be7 $1 Qg3+ 32. Kh1 {aiming for Rc2.} Qh3+ 33. Kg1 {Strongly threatening Rc2.} e4 $2 (33... Qg3+ $11 34. Kh1 Rfe8) 34. Bxf8 $2 (34. Rc2 $1 $18 exf3 35. Rh2 (35. Bxf8 Qg3+ 36. Kh1 Rxf8 $11) 35... Qg3+ 36. Kh1) 34... Rxf8 $2 (34... Qg3+ $11 35. Kh1 Qh3+ 36. Kg1 Qg3+ 37. Kh1 Qh3+ 38. Kg1) 35. fxe4 $2 (35. Rc2 $1 $18 exf3 36. Ng5+ $1 {[%mdl 512]} (36. Rh2 Qg3+ 37. Kh1 Qf4 $11) 36... hxg5 37. Rh2 $1 {[%mdl 512]} f2+ 38. Rxf2 Qg4+ 39. Rg2) 35... Qg4+ {[%mdl 64] Double Attack} 36. Kf2 (36. Kh1 $11) 36... Qh4+ (36... d3 $1 $15 37. Rxd3 Qf4+ {[%mdl 64] Double Attack} 38. Rf3 Qd2+ 39. Kg3 Qxc1) 37. Ke2 $2 {[%mdl 8192]} (37. Kg2 $11 Qg4+ 38. Qg3 Qe2+ 39. Qf2 Qg4+ 40. Kh1) 37... Qxe4+ $19 38. Kd2 $2 {[#]} (38. Kf2 d3 39. Rxd3 Qf4+ {[%mdl 64] Double Attack} 40. Rf3 Qxc1 41. Nd6 Qd2+ 42. Kf1) 38... Be5 $4 {[%mdl 8192] [#]} (38... d3 $1 $19 {[%csl Gd3][%cal Re4e2][%mdl 512] avoids the disaster.} 39. Re1 (39. Qxd3 Qxb4+) 39... Qf4+ {[%mdl 64] Double Attack} 40. Kxd3 Rxf7) 39. Qd3 $4 {[%mdl 8192]} (39. Rg1 {gets mated.} Bf4+ 40. Kd1 d3 41. Rc2 Qf3+ 42. Ke1 Re8+ 43. Qe6 Rxe6+ 44. Ne5 Rxe5+ 45. Re2 Qxe2#) (39. Re1 $1 $18 {[%cal Re1e4] is the narrow road to win.} Qf4+ 40. Kc2 d3+ 41. Qxd3 Rxf7 42. Rf1 Qh2+ 43. Qd2 Qxd2+ 44. Kxd2 Bf4+ 45. Kd3) 39... Bf4+ $2 (39... Qg2+ $19 40. Qe2 Bf4+ {[%mdl 64] Skewer} 41. Kd3 Qg3+ 42. Kc2 Bxc1 43. Kxc1 Rxf7) 40. Kc2 $1 $11 Qd5 $40 {[%cal Rd5a2][%mdl 128] Black has some attack.} 41. Kb1 (41. Rb1 $11) 41... Bxc1 $17 (41... Qxf7 42. Rf1 $14) 42. Qxd4 Qf5+ (42... Qxd4 $17 43. Rxd4 Rxf7 44. Kxc1 h5) 43. Kxc1 $11 {And now Ne5 would win.} Rxf7 44. Qd5 (44. c6 $11 {keeps the balance.}) 44... Qf4+ $17 45. Kc2 {[#]} Rc7 (45... h5 $1 $17 46. a3 h4) 46. Qd6 $2 {[%mdl 8192]} (46. Qe6 $1 $11) 46... Qc4+ {[%mdl 64] Double Attack. A wild game.  Weighted Error Value: White=0.73/Black=0.65} 0-1

[Event "EWCCC Online Preliminary-C 2020"]
[Site "Online"]
[Date "2020.12.19"]
[Round "6.4"]
[White "Babiy, Olga"]
[Black "Head, Louise"]
[Result "1-0"]
[WhiteElo "2271"]
[BlackElo "2090"]
[Annotator "TA"]
[PlyCount "81"]
[EventDate "2020.12.19"]
[EventType "team-tourn"]
[EventCountry "NET"]
[SourceTitle "playchess.com"]
[Source "ChessBase"]
[SourceQuality "1"]

{[%evp 9,81,12,24,-13,14,0,22,6,12,-14,37,31,61,62,62,52,76,81,91,79,91,88,122,96,107,20,138,138,156,148,150,164,149,130,339,334,305,325,312,271,270,287,333,325,429,453,547,547,547,547,540,533,531,532,700,671,624,565,565,561,530,465,666,665,814,814,1050,1037,29974,29974,29995,5808,1322,566]} 1. e4 c6 2. d4 d5 3. e5 c5 4. dxc5 e6 5. a3 Bxc5 6. b4 {B12: Caro-Kann: Advance Variation.} Bb6 7. Bb2 Ne7 8. Bd3 {The position is equal.} a5 9. Qg4 {[#]} Kf8 $146 ({Better is} 9... axb4 $11 10. Nf3 h5) ({Predecessor:} 9... axb4 10. axb4 Rxa1 11. Bxa1 Nbc6 12. Kf1 Ng6 13. Nf3 Qe7 14. Bc3 O-O 15. b5 Qc5 {0-1 (42) Gazik,V (2541)-Shengelia,D (2544) Bojnice 2020}) 10. Nf3 $14 axb4 11. axb4 Rxa1 12. Bxa1 Nbc6 13. O-O Ng6 14. h4 h5 15. Qg3 Nge7 ({Don't blunder} 15... Nxb4 $2 16. Bxg6 fxg6 17. Qf4+ Kg8 18. Qxb4 $18) 16. Bc3 Nf5 17. Qf4 ({White should try} 17. Bxf5 $16 exf5 18. b5) 17... g6 (17... Nce7 $1 $11) 18. Na3 $16 {[%cal Bb1a3,Ba3b5,Bb5d6][%mdl 32]} Kg7 19. Nb5 d4 20. Bd2 Nce7 21. Nd6 Nxd6 $2 {This costs Black the game.} (21... Nd5 $16 {was called for.} 22. Qh2 Nxd6 23. exd6 f6) 22. Qf6+ Kg8 {[#] White must now prevent ...Ndf5.} 23. exd6 Nd5 24. Qxd8+ Bxd8 25. Nxd4 e5 26. Nf3 f6 27. c4 Nf4 28. Bxf4 exf4 29. Bxg6 Kg7 30. Be4 f5 31. Bd5 Kf6 32. Rd1 Be6 33. Bxe6 Kxe6 $18 {[%mdl 4096] Endgame KRB-KRN} 34. c5 Bf6 35. Re1+ Kd7 (35... Kd5 $142 36. Ng5 Kc6) 36. Ne5+ Kc8 37. b5 Rd8 38. Nc4 Bc3 39. Re7 Bb4 40. Rf7 (40. Nb6+ $142 Kb8 41. c6 Rd7 42. Rxd7 bxc6 43. bxc6 Be1 44. Rb7#) 40... Bxc5 41. Rc7+ {[%mdl 64] Double Attack.  Weighted Error Value: White=0.20/Black=0.47} 1-0

[Event "EWCCC Online Preliminary-C 2020"]
[Site "Online"]
[Date "2020.12.19"]
[Round "6.4"]
[White "Jaufarally, Nadia"]
[Black "Schoene, Maria"]
[Result "0-1"]
[WhiteElo "1905"]
[BlackElo "2204"]
[Annotator "TA"]
[PlyCount "78"]
[EventDate "2020.12.19"]
[EventType "team-tourn"]
[EventCountry "NET"]
[SourceTitle "playchess.com"]
[Source "ChessBase"]
[SourceQuality "1"]

{[%evp 19,78,19,57,23,16,0,43,0,41,19,27,18,34,0,0,0,0,0,6,0,0,0,2,0,0,0,49,29,50,54,47,48,58,54,152,112,123,61,106,26,111,118,211,187,550,260,260,0,0,-661,-657,-586,-564,-1601,-1234,-29988,-29989,-29993,-29994,-29994,-29995]} 1. e4 c5 2. Nf3 d6 3. d4 cxd4 4. Nxd4 Nf6 5. Nc3 g6 6. Be3 Bg7 7. f3 Nc6 8. Bc4 O-O 9. Qd2 Bd7 10. Bb3 Rc8 11. g4 {B77: Sicilian Dragon: Yugoslav Attack, 9 Bc4 sidelines.} Nxd4 12. Bxd4 b5 13. h4 {White is slightly better.} a5 {[%cal Ba7a5,Ba5b4][%mdl 32] ...a4 is the strong threat.} 14. a3 b4 15. axb4 axb4 {[#]} 16. Nd5 $146 ({Predecessor:} 16. Ne2 Ra8 17. Rd1 Qa5 18. h5 Bxg4 19. Bxf6 Bxf6 20. hxg6 Qg5 21. gxf7+ Kh8 22. Qxg5 Bxg5 23. fxg4 Bf6 24. Nf4 {1-0 (24) Kabir,R (2113)-Rafiee,K (2006) Frankfurt 2005}) 16... Nxd5 $1 17. Bxg7 Kxg7 18. exd5 {Black should prevent h5.} e5 19. h5 Qe7 20. Qxb4 Ra8 21. Rxa8 Rxa8 22. Kf2 Bc8 23. Qb6 f5 24. hxg6 hxg6 25. Qe3 {Black must now prevent Qh6+.} f4 26. Qb6 Bb7 (26... Ra6 $1 $14 27. Qb8 Qd8) 27. c4 Ra6 28. Qb4 (28. Qb5 $16) 28... Qc7 29. Kg2 (29. Qc3 $1 $16) 29... Qb6 {[#]} (29... Rb6 $1 $11 30. Qa4 Qe7) 30. Qc3 $1 $16 Ra8 (30... Bc8 $16) 31. Bc2 $18 {Threatens to win with Qd3.} Qc7 $2 {[#]} (31... Qe3 {is a better chance.} 32. Qxe3 fxe3) 32. Qd3 (32. Bxg6 $142 $1 {[%mdl 512] Threatening mate with Rh7+.} Rh8 (32... Kxg6 33. Qd3+) 33. Rxh8 Kxh8 34. Qe1) 32... Qf7 33. g5 $2 (33. b4 $18) 33... Bc8 $1 $11 34. Rh6 $2 {[%mdl 8192]} (34. c5 $11 Bf5 35. Qc3) 34... Bf5 $19 35. Qd1 {And now Qh1 would win.} Qe7 36. Kf2 Qxg5 {( -> ...Qg3+)} 37. Rh1 Qg3+ {Black mates.} 38. Kf1 Bxc2 {[%mdl 64] Overworked Piece} 39. Qxc2 Ra1+ {Weighted Error Value: White=0.87/Black=0.37} 0-1

[Event "EWCCC Online Preliminary-C 2020"]
[Site "Online"]
[Date "2020.12.19"]
[Round "7.1"]
[White "Toma, Katarzyna"]
[Black "Mar, Karmen"]
[Result "0-1"]
[WhiteElo "2289"]
[BlackElo "2093"]
[Annotator "TA"]
[PlyCount "56"]
[EventDate "2020.12.19"]
[EventType "team-tourn"]
[EventCountry "NET"]
[SourceTitle "playchess.com"]
[Source "ChessBase"]
[SourceQuality "1"]

{[%evp 12,56,21,0,1,0,-1,-13,-17,-49,-14,-83,-70,-75,-75,-98,-94,-120,-81,-186,-147,-253,-112,-132,-137,-132,-83,-79,-48,-67,-33,-37,-24,-98,-67,-103,-92,-145,-146,-390,-295,-283,-171,-164,-103,-176,-99]} 1. e4 c5 2. Nf3 d6 3. d4 cxd4 4. Qxd4 a6 5. Be3 Nc6 6. Qd2 Nf6 7. Nc3 b5 {[%cal Bb7b5,Bb5b4][%mdl 32] B53: Sicilian: 2...d6: Lines with Qxd4.} 8. Bd3 e6 9. h3 Be7 {[#] The position is equal.} 10. g4 $146 ({Predecessor:} 10. a4 b4 11. Na2 O-O 12. O-O d5 13. e5 Ne4 14. Qe2 Bb7 15. Nc1 Qc7 16. Bf4 {0-1 (80) Feller,J-Stull,N Bad Mondorf 1973}) 10... b4 11. Ne2 (11. Na4 $1 $11) 11... d5 $17 12. e5 Ne4 13. Qd1 Qc7 14. Bf4 Bc5 15. Rh2 (15. O-O $17 {was worth a try.}) 15... Bb7 16. Ng3 {[#]} (16. Qc1 $17) 16... Rc8 (16... g5 $1 $19 {[%mdl 512] has better winning chances.} 17. Bc1 (17. Nxg5 Nxg5) 17... Nxe5) 17. Nxe4 dxe4 18. Bxe4 Rd8 19. Qe2 Nd4 $36 {[%mdl 2048] Black has the initiative.} 20. Nxd4 Rxd4 21. Bxb7 Qxb7 22. Bg5 (22. Be3 $11 {remains equal.} Re4 23. O-O-O) 22... O-O {[%mdl 1024] Black has strong compensation.} 23. f3 Rd5 24. Bf4 (24. Bh4 $142) 24... Rfd8 25. h4 $2 (25. Kf1 $17) 25... Bd4 26. Rb1 Qb6 {White must now prevent ...Bxe5!} 27. Kf1 h6 (27... Qa5 $19 28. Qc4 Rc5) 28. h5 {[#]} (28. Qe4 $17 {was necessary.}) 28... Qc5 {Accuracy: White = 34%, Black = 41%.} (28... Bxb2 $1 $19 {[%mdl 512]} 29. g5 (29. Rxb2 $2 Rd1+ 30. Kg2 Qd4 $19 {[%mdl 64] Double Attack}) 29... hxg5 30. Bxg5 Bxe5) 0-1

[Event "EWCCC Online Preliminary-C 2020"]
[Site "Online"]
[Date "2020.12.19"]
[Round "7.1"]
[White "Head, Louise"]
[Black "Drevensek, Doroteja"]
[Result "1/2-1/2"]
[WhiteElo "2090"]
[BlackElo "1385"]
[Annotator "TA"]
[PlyCount "127"]
[EventDate "2020.12.19"]
[EventType "team-tourn"]
[EventCountry "NET"]
[SourceTitle "playchess.com"]
[Source "ChessBase"]
[SourceQuality "1"]

{[%evp 10,127,33,5,21,0,55,67,143,10,30,29,303,294,263,217,258,214,208,232,185,78,74,97,196,150,277,95,213,79,220,0,160,162,219,233,318,313,520,488,464,323,317,135,55,-64,-109,-193,203,180,184,0,5,6,105,102,95,72,139,110,122,81,63,33,139,70,164,155,172,133,162,51,211,216,208,92,83,92,269,83,89,82,83,83,91,94,317,317,302,287,513,508,435,221,274,120,170,137,131,-9,-10,-262,-10,-10,-10,-28,0,-18,0,0,0,0,0,0,0,0,0,0,0,0]} 1. d4 d5 2. c4 c6 3. Nf3 Nf6 4. Nc3 a6 5. e3 Bg4 6. Qb3 b5 {D15: Slav Defence: 4 Nc3 a6 and gambit lines after 4 Nc3 dxc4.} 7. cxd5 {Black must now prevent Ne5.} cxd5 (7... Bxf3 $11 8. gxf3 cxd5) 8. Ne5 $14 e6 {[#]} (8... Bc8 $1 $14) 9. a4 $146 (9. f3 $1 $16) ({Predecessor:} 9. Bd3 Bd6 10. O-O O-O 11. Bd2 Nbd7 12. f4 Nb6 13. Nxg4 Nxg4 14. h3 Nf6 15. Be1 {0-1 (42) Hurn,R (1592)-Francis,M (1694) Fishguard 2018}) 9... b4 $11 10. Na2 a5 $2 {[%mdl 8192]} (10... Nbd7 $11) 11. Bb5+ $18 Nbd7 12. f3 Bh5 13. g4 Bg6 {and if ...Bd6 works, Black does fine.} 14. g5 Bd6 15. gxf6 (15. Nc6 $1 $18 {[%cal Rc6d8]} Qb6 16. gxf6 gxf6 17. Bd2) 15... Bxe5 $16 16. dxe5 gxf6 (16... O-O $16) 17. h4 Rc8 (17... Rb8 $16 18. Bd2 Bh5) 18. Qd1 $2 (18. e4 $18 {has better winning chances.} h5 19. exd5) 18... h5 (18... O-O $16 {was necessary.}) 19. Qd4 (19. exf6 $1 $18 {is more deadly.} O-O 20. Qd4) 19... O-O (19... fxe5 $16 20. Qxe5 O-O 21. Bxd7 Qxd7) 20. Bxd7 $2 (20. exf6 $18 {And now Qf4 would win.} Qc7 21. Qf4 Nxf6 22. Rg1 (22. Qxf6 Qg3+ 23. Kd1 Bc2+ 24. Kd2 Qg2+ {[%mdl 64] Double Attack} 25. Be2 Qxh1 $17)) 20... Qxd7 $2 (20... Rc4 $1 $11 21. Qa7 Rc7) 21. exf6 Rc4 (21... Qd6 $142 22. e4 Qg3+ 23. Qf2 Qxf2+ 24. Kxf2 Rc2+ 25. Kg3 dxe4) 22. Qe5 $18 Rfc8 23. Rg1 {Qxh5 is the strong threat.} Kh7 $2 {[#]} (23... Kf8 {is a better defense.} 24. Bd2 Ke8) 24. e4 $1 Qd8 {[%cal Rd5e4]} (24... dxe4 25. Be3) 25. Rg5 Kg8 {[%cal Rd5e4]} 26. Rxh5 ({Resist} 26. exd5 Rxh4 27. Be3 (27. dxe6 $2 Rh1+ 28. Kf2 Qd1 $19) 27... Rh1+ 28. Rg1 Rxg1+ 29. Bxg1 exd5 $18) (26. b3 $18 Rc2 27. Bb2) 26... Bxh5 $16 27. Qxh5 (27. Qg5+ $14 Kf8 28. b3 (28. Qxh5 Qxf6 29. Qh6+ {[%mdl 64] Double Attack} Qg7 $11)) 27... Qxf6 $15 28. Be3 (28. Qg5+ $17 Qxg5 29. Bxg5) 28... Qg6 $4 {[%mdl 8192]} (28... b3 $19 {and life is good for Black.} 29. Nc1 Qxb2 {[%mdl 64] Double Attack} 30. Nxb3 Qxb3 {[%mdl 64] Double Attack} 31. Qg5+ Kf8) 29. Qxg6+ $18 fxg6 30. exd5 $2 ({Only move:} 30. b3 $18 Rc2 31. Rc1) 30... exd5 $11 31. Nc1 Re8 (31... Rxh4 $11 32. Kd2 Rf8) 32. Kd2 $16 Rxh4 33. Nd3 d4 (33... Rf8 $142) 34. Bf2 Rh3 35. f4 Rh2 36. Rg1 Kh7 (36... Re3 $1 $14) 37. Rg5 (37. Re1 $16 Rc8 38. Rc1) 37... Rh5 (37... Re3 $1 $14) 38. Rg2 Re4 39. Bg3 Re8 40. Bh2 (40. Ne5 $18) 40... Rh3 $2 {[#]} (40... Rc8 $14) 41. Bg1 $1 $18 Rh5 42. Rg5 (42. Bxd4 $18 Rd8 43. Ke3) 42... Rxg5 $16 43. fxg5 Rd8 $2 (43... Re4 $16) 44. Ke2 $2 (44. Ne5 $18) 44... Rd5 45. Kf3 Rxg5 46. Bxd4 Rf5+ 47. Ke4 Rf1 $2 (47... Rh5 $16) 48. Bb6 $18 Rf5 49. Ne5 Rh5 $2 (49... Rf8 50. b3 (50. Bxa5 Ra8 $16) 50... Rf1) 50. Bxa5 Rh4+ 51. Kf3 (51. Kd5 $142) 51... g5 52. Bd8 (52. Bb6 $18 {and White stays clearly on top.}) 52... b3 53. Ng4 Kg6 54. Ne5+ (54. a5 $16 {aiming for a6.} Rh3+ 55. Ke2) 54... Kf5 $11 55. Nd3 $2 {[%mdl 8192] [#]} (55. Nc6 $11 {and White stays safe.}) 55... Rxa4 $2 ({Black should play} 55... Rd4 $1 $19 {[%mdl 512]} 56. Bxg5 Rxd3+ 57. Be3 Rd5) 56. Bb6 g4+ 57. Kg3 Ra6 58. Bc5 {The position is equal.} Rh6 {Hoping for ...Rh3+.} 59. Nf2 Rg6 60. Bd4 Rg8 61. Bc3 Rg6 62. Bd4 Rg8 63. Bc3 Rg6 64. Bd4 {Black defended with fortune.  Weighted Error Value: White=0.65/Black=0.74} 1/2-1/2

[Event "EWCCC Online Preliminary-C 2020"]
[Site "Online"]
[Date "2020.12.19"]
[Round "7.1"]
[White "Hrenic, Misa"]
[Black "Kalaiyalahan, Akshaya"]
[Result "0-1"]
[WhiteElo "2020"]
[BlackElo "2149"]
[Annotator "TA"]
[PlyCount "72"]
[EventDate "2020.12.19"]
[EventType "team-tourn"]
[EventCountry "NET"]
[SourceTitle "playchess.com"]
[Source "ChessBase"]
[SourceQuality "1"]

{[%evp 25,72,51,42,30,46,32,47,-26,38,41,56,54,72,42,54,0,-8,-54,-58,-254,-197,-361,-358,-358,-354,-352,-341,-382,-368,-363,-354,-399,-411,-669,-633,-1330,-1341,-1258,-1213,-29983,-29982,-29982,-29983,-29983,-5365,-29983,-29984,-29984,-29985]} 1. e4 c5 2. Nf3 Nc6 3. d4 cxd4 4. Nxd4 g6 5. c4 Bg7 6. Be3 Nf6 7. Nc3 d6 8. Be2 O-O 9. O-O Bd7 10. Nxc6 Bxc6 11. f3 a5 12. Rc1 Nd7 13. b3 Nc5 {[#]} 14. Bf2 $146 {B38: Sicilian: Maroczy Bind with 5...Bg7 and 7...0-0.} ({Predecessor:} 14. Qd2 Be5 15. Bg5 Ne6 16. Bh6 Qb6+ 17. Kh1 Rfc8 18. f4 Bxc3 19. Rxc3 Bxe4 20. f5 Bxf5 21. Rxf5 gxf5 22. Rg3+ {0-1 (53) Sevian,S (2647)-Iturrizaga Bonelli,E (2637) chess.com INT 2019}) 14... Qb6 15. Nd5 Bxd5 16. Qxd5 ({Better is} 16. cxd5 $14 a4 17. bxa4) 16... Qc7 (16... a4 $11) 17. Rb1 e6 18. Qd2 Be5 19. Rfc1 Qe7 20. a3 ({White should play} 20. f4 $14 Bf6 21. Bf3) 20... a4 $11 21. Bxc5 (21. bxa4 {with more complications.} Rxa4 22. f4 Bg7 23. Qe3 Rfa8 24. e5) 21... dxc5 22. b4 $2 {This move loses the game for White.} (22. Rc2 $15) 22... b6 23. f4 $2 (23. b5 {is a better defense.}) 23... Rfd8 $19 24. Bd3 {[#]} Bxf4 $1 {[%mdl 576] Deflection} 25. Qxf4 {Strongly threatening Qf3.} Rxd3 26. Rf1 Rxa3 27. bxc5 Qxc5+ 28. Kh1 Rf8 29. Rb5 (29. Qc1 $142 Ra2 30. h3) 29... Qxc4 30. Rh5 Qd4 ({And not} 30... gxh5 31. Qg5+ Kh8 32. Qf6+ Kg8 33. Qg5+ Kh8 34. Qf6+ Kg8 35. Qg5+ $11) 31. Rh4 Ra1 32. h3 Rxf1+ 33. Qxf1 a3 34. Qa6 Qb2 (34... Qa1+ $142 35. Kh2 a2 36. Rf4 {[#]} Qe5 $1 {[%mdl 512]} 37. Kg1 a1=Q+ 38. Qxa1 Qxa1+ 39. Kh2 Ra8 40. Rf2 Qe5+ 41. g3 Qxe4 42. Rg2 Ra1 43. g4 Qf4+ 44. Rg3 Ra2+ 45. Kh1 Qf1+ 46. Rg1 Qxh3#) 35. e5 Qa1+ 36. Kh2 Qxe5+ {Weighted Error Value: White=1.20/Black=0.50} 0-1

[Event "EWCCC Online Preliminary-C 2020"]
[Site "Online"]
[Date "2020.12.19"]
[Round "7.1"]
[White "Heric, Meta"]
[Black "Jaufarally, Nadia"]
[Result "0-1"]
[WhiteElo "1318"]
[BlackElo "1905"]
[Annotator "NA"]
[PlyCount "34"]
[EventDate "2020.12.19"]
[EventType "team-tourn"]
[EventCountry "NET"]
[SourceTitle "playchess.com"]
[Source "ChessBase"]
[SourceQuality "1"]
[TimeControl "900+5"]

1. e4 {[%emt 0:00:01]} c5 {[%emt 0:00:02]} 2. Nc3 {[%emt 0:00:05]} g6 {[%emt 0:00:04]} 3. f4 {[%emt 0:00:08]} Bg7 {[%emt 0:00:02]} 4. Nf3 {[%emt 0:00:03]} Nc6 {[%emt 0:00:01]} 5. Bb5 {[%emt 0:00:06]} Nd4 {[%emt 0:00:03]} 6. O-O {[%emt 0:00:04]} a6 {[%emt 0:00:02]} 7. Be2 {[%emt 0:00:09]} d6 {[%emt 0:00:25]} 8. e5 {[%emt 0:00:49]} Nxf3+ {[%emt 0:01:22]} 9. Rxf3 {[%emt 0:00:11]} dxe5 {[%emt 0:00:08]} 10. fxe5 {[%emt 0:00:05]} Bxe5 {[%emt 0:00:54]} 11. Bc4 {[%emt 0:00:05]} Qd4+ {[%emt 0:00:15]} 12. Kh1 {[%emt 0:00:26]} Qxc4 {[%emt 0:00:07]} 13. d3 {[%emt 0:00:13]} Qh4 {[%emt 0:01:31]} 14. h3 {[%emt 0:00:30]} Bg4 {[%emt 0:00:29]} 15. Nd5 {[%emt 0:00:34]} Bxf3 {[%emt 0:00:13]} 16. Qxf3 {[%emt 0:00:05]} Qe1+ {[%emt 0:00:04]} 17. Qf1 {[%emt 0:00:11]} Qxf1# {[%emt 0:00:02]} 0-1